000 01105nam a2200253 a 4500
001 000021337
005 20200930011313.0
008 100906s1997 dr abc 001 0 spa d
040 _aDO-SdBNP
_bspa
_cBNPHU
082 _a122
_bA174l
100 1 _aAcevedo, Carlos,
_d1939-
_944576
245 1 3 _aEl libro de las coincidencias /
_cCarlos Acevedo ; prólogo Pablo Juan Brugal Muñoz.
246 1 3 _aEl libro de las coincidencias :
_buna aventura por el mundo de lo increíble.
260 _aPuerto Plata, República Dominicana :
_bHKM Computarizado,
_c1997.
300 _a247, [10] p. :
_bil., mapas, retrs. ;
_c28 cm.
500 _aIncluye datos biográficos del autor en la contracubierta.
500 _aIncluye bibliografía y notas al pie de páginas.
504 _aBibliografía : p. 254-255
590 _aInventariado, 2018/LP
650 4 _aHistoria
_xCuriosidades y enigmas
_944577
651 4 _aRepública Dominicana
_xVida Social Y Costumbres
_xAnécdotas, Chístes, Sátiras, Etc.
_940040
700 1 _aBrugal Muñoz, Pablo Juan,
_eprólogo
_944578
910 _aValidado. Control de la calidad EMS
999 _c20837
_d20837